[Event "Xtracon Skakligaen"]
[Site "Denmark"]
[Date "2017.03.19"]
[Round "9.6"]
[White "Bauner, Jan"]
[Black "Frambol, Christian Emil"]
[Result "1-0"]
[WhiteElo "1972"]
[BlackElo "1772"]
[PlyCount "73"]
[EventDate "2016.10.29"]
[EventType "team-tourn"]
[EventRounds "9"]
[EventCountry "DEN"]
[WhiteTeam "K41 1"]
[BlackTeam "Team Nordea Skanderborg 1"]
[WhiteTeamCountry "DEN"]
[BlackTeamCountry "DEN"]

1. d4 Nf6 2. Bf4 g6 3. Nc3 Bg7 4. Qd2 c5 5. d5 d6 6. e4 a6 7. a4 Qa5 8. Ra3 O-O
9. f3 Rd8 10. Bh6 e6 11. Bxg7 Kxg7 12. Bc4 exd5 13. Nxd5 Qxd2+ 14. Kxd2 Nxd5
15. Bxd5 Nc6 16. Ne2 Be6 17. c4 Na5 18. Rc1 Bxd5 19. cxd5 Rab8 20. Rc2 Rdc8 21.
Kd1 Kf6 22. g3 Ra8 23. Rac3 Rcb8 24. f4 b5 25. e5+ dxe5 26. Rxc5 Nc4 27. Rc6+
Ke7 28. Kc1 Rd8 29. Nc3 b4 30. Ne4 Ne3 31. d6+ Ke6 32. Ng5+ Kf6 33. R2c5 exf4
34. gxf4 h6 35. Ne4+ Ke6 36. Re5+ Kd7 37. Rc7# 1-0

[Event "Xtracon Skakligaen"]
[Site "Denmark"]
[Date "2017.03.19"]
[Round "9.7"]
[White "Christensen, Niels Chr"]
[Black "Kokholm, Daniel"]
[Result "0-1"]
[WhiteElo "1870"]
[BlackElo "1870"]
[PlyCount "99"]
[EventDate "2016.10.29"]
[EventType "team-tourn"]
[EventRounds "9"]
[EventCountry "DEN"]
[WhiteTeam "Team Nordea Skanderborg 1"]
[BlackTeam "K41 1"]
[WhiteTeamCountry "DEN"]
[BlackTeamCountry "DEN"]

1. e4 d6 2. Nf3 Nd7 3. d4 e5 4. dxe5 dxe5 5. Nc3 c6 6. a3 Be7 7. Bc4 h6 8. h3
Qc7 9. O-O Ngf6 10. Re1 g5 11. Nh2 Nf8 12. Be3 Ng6 13. Re2 Nf4 14. Rd2 Rg8 15.
f3 Rg7 16. Ne2 N6h5 17. Ng4 Rh7 18. Bf2 Ng7 19. Ng3 h5 20. Ne3 h4 21. Ngf1 Rh6
22. Ng4 Bxg4 23. fxg4 Rd6 24. Rxd6 Bxd6 25. Ne3 Bc5 26. Qe1 Rd8 27. Rd1 b5 28.
Bb3 Qb6 29. Rxd8+ Qxd8 30. Kf1 Qb6 31. Qd2 Ke7 32. Nf5+ Nxf5 33. exf5 Bxf2 34.
Qxf2 Qxf2+ 35. Kxf2 f6 36. g3 hxg3+ 37. Kxg3 Ne2+ 38. Kf2 Nd4 39. a4 b4 40. Ke3
Kd6 41. Ke4 a5 42. Ke3 Nxb3 43. cxb3 Kd5 44. Kd3 e4+ 45. Kd2 Ke5 46. Ke3 c5 47.
Ke2 Kf4 48. Kf2 e3+ 49. Kg2 e2 50. Kf2 0-1

[Event "Xtracon Skakligaen"]
[Site "Denmark"]
[Date "2017.03.19"]
[Round "9.8"]
[White "Stuhr, Peter Sebastian"]
[Black "Larsen, Kim Lund"]
[Result "1-0"]
[WhiteElo "1887"]
[BlackElo "1779"]
[PlyCount "63"]
[EventDate "2016.10.29"]
[EventType "team-tourn"]
[EventRounds "9"]
[EventCountry "DEN"]
[WhiteTeam "K41 1"]
[BlackTeam "Team Nordea Skanderborg 1"]
[WhiteTeamCountry "DEN"]
[BlackTeamCountry "DEN"]

1. e4 e6 2. d3 d5 3. Nd2 c5 4. c3 Nc6 5. Ngf3 Qb6 6. g3 Bd6 7. Bg2 Nge7 8. O-O
O-O 9. Re1 Ng6 10. Nf1 d4 11. c4 e5 12. h4 Bd7 13. N1h2 Nb4 14. a3 Na6 15. Rb1
Nc7 16. h5 Ne7 17. Nh4 Qa6 18. Ng4 f6 19. Bh3 Kh8 20. Kg2 b5 21. b3 bxc4 22.
bxc4 Qa4 23. Qe2 Qc6 24. Rh1 f5 25. Ng6+ Nxg6 26. hxg6 f4 27. gxf4 exf4 28. Qf3
Ne6 29. Ne5 Bxe5 30. Bxe6 Qxe6 31. Rxh7+ Kg8 32. Rh8+ 1-0

[Event "Xtracon Skakligaen"]
[Site "Denmark"]
[Date "2017.03.19"]
[Round "9.1"]
[White "Ochsner, Bjorn Moller"]
[Black "Hector, Jonny"]
[Result "1/2-1/2"]
[WhiteElo "2428"]
[BlackElo "2513"]
[PlyCount "219"]
[EventDate "2016.10.29"]
[EventType "team-tourn"]
[EventRounds "9"]
[EventCountry "DEN"]
[WhiteTeam "Aarhus/Skolerne 1"]
[BlackTeam "Nordkalotten 1"]
[WhiteTeamCountry "DEN"]
[BlackTeamCountry "DEN"]

1. e4 e5 2. Nf3 Nc6 3. Bb5 a6 4. Ba4 Nf6 5. O-O Bc5 6. c3 b5 7. Bb3 d6 8. a4
Bg4 9. h3 Bxf3 10. Qxf3 Na5 11. Bc2 b4 12. d3 Rb8 13. Nd2 O-O 14. Qe2 Re8 15.
Nf3 bxc3 16. bxc3 Nb3 17. Bxb3 Rxb3 18. d4 exd4 19. cxd4 Rxf3 20. dxc5 Rc3 21.
Qxa6 Nxe4 22. cxd6 cxd6 23. Be3 Nc5 24. Qc6 Ne4 25. Qb6 Qa8 26. a5 Rc6 27. Qb4
Nc5 28. Rfd1 h6 29. Ra2 Re6 30. Rad2 Kh7 31. Qb1+ Rg6 32. h4 Kg8 33. Rd5 Na4
34. Bd4 Rc1 35. Qxc1 Qxd5 36. g3 Qxa5 37. Qc8+ Kh7 38. Qc2 Qh5 39. Qxa4 Qxh4
40. Qc2 Qg4 41. Be3 Kg8 42. Rd4 Qf3 43. Qd2 h5 44. Rxd6 Rxd6 45. Qxd6 f6 46.
Qe6+ Kh7 47. Qc4 Kh8 48. Bc5 Kh7 49. Qf7 Qg4 50. Bf8 Kh8 51. Kg2 Qe4+ 52. Kh2
Qg4 53. f3 Qg5 54. Kg2 Kh7 55. Qd7 Kg8 56. Bb4 Qe5 57. Qd8+ Kh7 58. Qd3+ Kg8
59. Bc3 Qc5 60. Bd4 Qd5 61. Qe4 Qb5 62. Bf2 Kh8 63. Qe3 Kh7 64. Qc5 Qe8 65.
Qf5+ Kg8 66. Kh3 Qf7 67. Kh4 g6 68. Qc8+ Kg7 69. Kh3 Qd5 70. Kg2 g5 71. Qc7+
Kg6 72. Qc2+ Kg7 73. Qe4 Qa2 74. Qd4 Qe2 75. Qe3 Qb2 76. Kf1 Qb1+ 77. Be1 Qb5+
78. Kf2 Qb2+ 79. Qe2 Qb6+ 80. Kf1 Qc7 81. Qd3 g4 82. fxg4 hxg4 83. Qd4 Qc8 84.
Bc3 Qf5+ 85. Ke1 Qf3 86. Kd2 Qg2+ 87. Kc1 Qh1+ 88. Qd1 Qe4 89. Qd7+ Kg6 90. Qd6
Qf3 91. Kb2 Qg2+ 92. Kb3 Qf1 93. Kb4 Qf3 94. Bd4 Qb7+ 95. Ka5 Qf3 96. Kb6 Qb3+
97. Kc7 Qf3 98. Kd8 Qa8+ 99. Ke7 Qe4+ 100. Kd8 Qa8+ 101. Kc7 Qf3 102. Kb6 Qb3+
103. Kc5 Qa3+ 104. Kc6 Qf3+ 105. Qd5 Qxg3 106. Qg8+ Kf5 107. Qh7+ Kf4 108. Qh6+
Ke4 109. Qxf6 Qf4 110. Qxf4+ 1/2-1/2

[Event "Xtracon Skakligaen"]
[Site "Denmark"]
[Date "2017.03.19"]
[Round "9.6"]
[White "Hove, Esben Kjems"]
[Black "Ochsner, Thomas"]
[Result "1/2-1/2"]
[WhiteElo "2267"]
[BlackElo "2309"]
[PlyCount "57"]
[EventDate "2016.10.29"]
[EventType "team-tourn"]
[EventRounds "9"]
[EventCountry "DEN"]
[WhiteTeam "Nordkalotten 1"]
[BlackTeam "Aarhus/Skolerne 1"]
[WhiteTeamCountry "DEN"]
[BlackTeamCountry "DEN"]

1. d4 Nf6 2. c4 e6 3. Nc3 Bb4 4. Qc2 O-O 5. Bg5 h6 6. Bh4 b6 7. a3 Bxc3+ 8.
Qxc3 Ba6 9. e3 d6 10. Nf3 Nbd7 11. Be2 c5 12. dxc5 Nxc5 13. Bxf6 Qxf6 14. Qxf6
gxf6 15. Nd2 Kg7 16. f3 Rac8 17. Kf2 Rfd8 18. b4 Na4 19. b5 Bb7 20. Rac1 d5 21.
cxd5 Rxd5 22. Rxc8 Bxc8 23. Nb3 e5 24. Rc1 Be6 25. Bc4 Rd7 26. Bxe6 fxe6 27.
Rc4 Nb2 28. Rc2 Na4 29. Rc4 1/2-1/2

[Event "Xtracon Skakligaen"]
[Site "Denmark"]
[Date "2017.03.19"]
[Round "9.7"]
[White "Rendboe, John Filip"]
[Black "Jakobsen, Peter"]
[Result "1/2-1/2"]
[WhiteElo "2160"]
[BlackElo "2201"]
[PlyCount "74"]
[EventDate "2016.10.29"]
[EventType "team-tourn"]
[EventRounds "9"]
[EventCountry "DEN"]
[WhiteTeam "Aarhus/Skolerne 1"]
[BlackTeam "Nordkalotten 1"]
[WhiteTeamCountry "DEN"]
[BlackTeamCountry "DEN"]

1. d4 Nf6 2. c4 e6 3. Nc3 Bb4 4. e3 c5 5. Bd3 Nc6 6. Nf3 Bxc3+ 7. bxc3 d6 8.
O-O e5 9. Ng5 O-O 10. Qc2 h6 11. Nh7 Nxh7 12. Bxh7+ Kh8 13. Be4 f5 14. Bxc6
bxc6 15. f4 e4 16. Qa4 cxd4 17. cxd4 Qc7 18. Ba3 Rb8 19. Rab1 Bd7 20. Qa6 Rb6
21. Rxb6 axb6 22. c5 dxc5 23. dxc5 b5 24. Rd1 Be6 25. Rd6 Bd5 26. Bb2 Kh7 27.
Be5 Qf7 28. a3 Qh5 29. h3 Rf7 30. Qc8 Bc4 31. Kh2 Bf1 32. Rd8 Qe2 33. Rh8+ Kg6
34. Qe6+ Rf6 35. Qe8+ Rf7 36. Qe6+ Rf6 37. Qe8+ Rf7 1/2-1/2

[Event "Xtracon Skakligaen"]
[Site "Denmark"]
[Date "2017.03.19"]
[Round "9.1"]
[White "Schandorff, Lars"]
[Black "Danielsen, Henrik"]
[Result "1/2-1/2"]
[WhiteElo "2511"]
[BlackElo "2480"]
[PlyCount "52"]
[EventDate "2016.10.29"]
[EventType "team-tourn"]
[EventRounds "9"]
[EventCountry "DEN"]
[WhiteTeam "Hillerod 1"]
[BlackTeam "Jetsmark 1"]
[WhiteTeamCountry "DEN"]
[BlackTeamCountry "DEN"]

1. Nf3 d6 2. d4 g6 3. g3 Bg7 4. Bg2 Nd7 5. O-O e5 6. e4 Ngf6 7. dxe5 dxe5 8.
Re1 O-O 9. b3 Re8 10. Bb2 Ng4 11. h3 Nh6 12. a4 f6 13. Nbd2 Nf7 14. Nc4 c6 15.
h4 h5 16. Bh3 Nb6 17. Qxd8 Rxd8 18. Nxb6 axb6 19. Bxc8 Raxc8 20. Rad1 Bf8 21.
Rd3 Be7 22. Red1 Kf8 23. Rxd8+ Rxd8 24. Rxd8+ Bxd8 25. Nd2 Ke7 26. Kf1 Ke6
1/2-1/2

[Event "Xtracon Skakligaen"]
[Site "Denmark"]
[Date "2017.03.19"]
[Round "9.7"]
[White "Pedersen, Jan Nordenbaek"]
[Black "Rosenkilde, Alexander"]
[Result "1/2-1/2"]
[WhiteElo "2170"]
[BlackElo "2240"]
[PlyCount "47"]
[EventDate "2016.10.29"]
[EventType "team-tourn"]
[EventRounds "9"]
[EventCountry "DEN"]
[WhiteTeam "Hillerod 1"]
[BlackTeam "Jetsmark 1"]
[WhiteTeamCountry "DEN"]
[BlackTeamCountry "DEN"]

1. e4 c5 2. Nf3 Nc6 3. Nc3 Nf6 4. d4 cxd4 5. Nxd4 e5 6. Ndb5 d6 7. Bg5 a6 8.
Na3 b5 9. Bxf6 gxf6 10. Nd5 f5 11. c3 Bg7 12. Bd3 Be6 13. Nc2 Bxd5 14. exd5 Ne7
15. a4 e4 16. Be2 bxa4 17. Ne3 O-O 18. Rxa4 a5 19. O-O Qb6 20. Qd2 Qc5 21. Rc4
Qb6 22. Ra4 Qc5 23. Rc4 Qb6 24. Rc1 1/2-1/2